Read & play softball / (Record no. 55522)

MARC details
000 -LEADER
fixed length control field 00928naa a2200241 4500
005 - DATE AND TIME OF LATEST TRANSACTION
control field 20110810145620.0
008 - FIXED-LENGTH DATA ELEMENTS--GENERAL INFORMATION
fixed length control field 110810t xxu||||| |||| 00| 0 eng d
010 ## - LCCN (DPL NO)
LC control number ENG-103351
020 ## - INTERNATIONAL STANDARD BOOK NUMBER
Terms of availability 50.00
035 ## - SYSTEM CONTROL NUMBER
System control number EN-86884
037 ## - SOURCE OF ACQUISITION
Source of stock number/acquisition DBAD/PUB
040 ## - CATALOGING SOURCE
Original cataloging agency DPL
Language of cataloging Eng
082 ## - DEWEY DECIMAL CLASSIFICATION NUMBER
Classification number 796.3578
100 ## - MAIN ENTRY--PERSONAL NAME
9 (RLIN) 32587
Personal name Reddy, Nadamala Gangadhara
245 1# - TITLE STATEMENT
Title Read & play softball /
Statement of responsibility, etc by Nadamala Gangadhara Reddy
260 ## - PUBLICATION, DISTRIBUTION, ETC. (IMPRINT)
Place of publication, distribution, etc Vijayawada
Name of publisher, distributor, etc Navaratna Book House
Date of publication, distribution, etc 2009
270 ## - ADDRESS
Address # 28-22-20,Rahiman Street,Arundelpet,
City Vijaywada
Postal code 520002
Telephone number 9440313113
300 ## - PHYSICAL DESCRIPTION
Extent 144p. :
Dimensions 22cm (pbk)
Other physical details ill.
700 ## - ADDED ENTRY--PERSONAL NAME
9 (RLIN) 32860
942 ## - ADDED ENTRY ELEMENTS (KOHA)
Institution code [OBSOLETE] dpl
Item type English Books
Source of classification or shelving scheme Dewey Decimal Classification
Call number suffix RED
Classification part 796.3578
Holdings
Withdrawn status Lost status Source of classification or shelving scheme Damaged status Not for loan Collection code Home library Current library Date acquired Source of acquisition Total Checkouts Full call number Barcode Date last seen Copy number Cost, replacement price Koha item type
    Dewey Decimal Classification     Non-fiction D.B.Act.Division D.B.Act.Division 17/08/2011 DBAD/PUB   796.3578RED EN-86884 17/08/2011 50.00 50.00 English Books

© Delhi Public Library
Hit Counter
free hit counter